[Event "Mexico City UNAM op"]
[Site "Mexico City"]
[Date "2012.11.25"]
[Round "9"]
[White "Otero Acosta, Diasmany"]
[Black "Hansen, Eric"]
[Result "0-1"]
[WhiteElo "2443"]
[BlackElo "2539"]
[PlyCount "83"]
[GameId "1166656406396928"]
[EventDate "2012.11.21"]
[EventType "swiss"]
[EventRounds "9"]
[EventCountry "MEX"]
[SourceTitle "CBM 151 Extra"]
[Source "ChessBase"]
[SourceDate "2012.12.18"]
[SourceVersion "1"]
[SourceVersionDate "2012.12.18"]
[SourceQuality "1"]

1. d4 Nf6 2. c4 g6 3. Nc3 d5 4. cxd5 Nxd5 5. e4 Nxc3 6. bxc3 Bg7 7. Nf3 c5 8. Be2 O-O 9. O-O b6 10. Bg5 Bb7 11. Re1 h6 12. Bh4 cxd4 13. cxd4 g5 14. Bg3 Bxe4 15. h4 gxh4 16. Be5 Nc6 17. Bxg7 Kxg7 18. Bb5 f5 19. Bxc6 Bxc6 20. Ne5 Bd5 21. Qh5 Qd6 22. Re3 Kh7 23. Rae1 Rf6 24. Qxh4 Rg8 25. f3 Rg7 26. a3 f4 27. R3e2 Be6 28. Re4 Qxa3 29. Rxf4 Qb2 30. Ng4 Rfg6 31. Rfe4 Bf5 32. Rf4 e6 33. d5 Bxg4 34. fxg4 exd5 35. Kh2 Qc3 36. Re8 Qc7 37. g3 Qc2+ 38. Kh3 Qd1 39. Kg2 Rc6 40. Rf2 Qxg4 41. Qxg4 Rxg4 42. Rf7+ 0-1

[Event "Cappelle op 29th"]
[Site "Cappelle la Grande"]
[Date "2013.02.27"]
[Round "6"]
[White "Hansen, Eric"]
[Black "Vovk, Yuri"]
[Result "1-0"]
[WhiteElo "2557"]
[BlackElo "2594"]
[PlyCount "43"]
[GameId "1165543706681344"]
[EventDate "2013.02.23"]
[EventType "swiss"]
[EventRounds "9"]
[EventCountry "FRA"]
[SourceTitle "CBM 153 Extra"]
[Source "ChessBase"]
[SourceDate "2013.04.22"]
[SourceVersion "1"]
[SourceVersionDate "2013.04.22"]
[SourceQuality "1"]

1. e4 c5 2. Nf3 Nc6 3. Bb5 e6 4. O-O Nge7 5. Re1 a6 6. Bxc6 Nxc6 7. d4 cxd4 8. Nxd4 b6 9. Nxc6 dxc6 10. Nd2 Be7 11. Qg4 O-O 12. e5 f5 13. exf6 Rxf6 14. Nf3 e5 15. Qe4 Bf5 16. Qxe5 Bd6 17. Qc3 Qc7 18. Bg5 Rf7 19. Bh4 Bg4 20. Ng5 Bxh2+ 21. Kh1 Rf4 22. Kxh2 1-0

[Event "Barcelona Sants op 15th"]
[Site "Barcelona"]
[Date "2013.08.23"]
[Round "1"]
[White "Forsberg Conde, Martin"]
[Black "Hansen, Eric"]
[Result "0-1"]
[WhiteElo "2094"]
[BlackElo "2584"]
[PlyCount "76"]
[GameId "1166657281871872"]
[EventDate "2013.08.23"]
[EventType "swiss"]
[EventRounds "10"]
[EventCountry "ESP"]
[SourceTitle "CBM 156 Extra"]
[Source "ChessBase"]
[SourceDate "2013.10.22"]
[SourceVersion "1"]
[SourceVersionDate "2013.10.22"]
[SourceQuality "1"]

1. e4 c5 2. Nf3 e6 3. d4 cxd4 4. Nxd4 a6 5. Bd3 Bc5 6. Nb3 Be7 7. Qg4 g6 8. Nc3 d6 9. f4 Nd7 10. O-O Ngf6 11. Qf3 Qc7 12. Bd2 b6 13. Rae1 Bb7 14. a4 h5 15. h3 h4 16. Qf2 Nh5 17. f5 gxf5 18. exf5 e5 19. Be4 Bxe4 20. Nxe4 Nhf6 21. Nc3 Rh5 22. Qe2 Qb7 23. Ne4 Rc8 24. Qf3 Qc6 25. Bc3 Qxa4 26. Nxf6+ Nxf6 27. Ra1 Qc6 28. Rxa6 Qxf3 29. Rxf3 Nd5 30. Nd2 Nxc3 31. bxc3 d5 32. Kf1 e4 33. Rf4 Bd6 34. Nxe4 dxe4 35. Rxe4+ Kf8 36. Rxb6 Rxf5+ 37. Ke2 Bg3 38. Kd2 Rf2+ 0-1

[Event "Barcelona Sants op 15th"]
[Site "Barcelona"]
[Date "2013.08.24"]
[Round "2"]
[White "Hansen, Eric"]
[Black "Nordenbaek, Jan"]
[Result "1-0"]
[WhiteElo "2584"]
[BlackElo "2252"]
[PlyCount "79"]
[GameId "1166657281974272"]
[EventDate "2013.08.23"]
[EventType "swiss"]
[EventRounds "10"]
[EventCountry "ESP"]
[SourceTitle "CBM 156 Extra"]
[Source "ChessBase"]
[SourceDate "2013.10.22"]
[SourceVersion "1"]
[SourceVersionDate "2013.10.22"]
[SourceQuality "1"]

1. e4 c5 2. Nf3 Nc6 3. Bb5 g6 4. Bxc6 bxc6 5. O-O Bg7 6. Nc3 d6 7. h3 e5 8. d3 Nh6 9. Nh2 f5 10. f4 exf4 11. Bxf4 O-O 12. Qd2 Nf7 13. exf5 Bxf5 14. Rae1 Qd7 15. Nf3 Rae8 16. Kh2 Rxe1 17. Rxe1 Re8 18. Rf1 Rf8 19. b3 Be6 20. Re1 Re8 21. Ng5 Nxg5 22. Bxg5 Bd5 23. Bf4 Re6 24. Rxe6 Qxe6 25. Nd1 Qe7 26. Nf2 Be5 27. Ng4 Bxf4+ 28. Qxf4 h5 29. Ne3 Bf7 30. h4 Kg7 31. Kg3 Bd5 32. c4 Bf7 33. Nd1 Qe1+ 34. Nf2 Be6 35. Qe4 Qxe4 36. Nxe4 Bf5 37. Nxd6 Bxd3 38. Nb7 Bb1 39. a3 Kf6 40. Kf4 1-0

[Event "Barcelona Sants op 15th"]
[Site "Barcelona"]
[Date "2013.08.25"]
[Round "3"]
[White "Godart, Francois"]
[Black "Hansen, Eric"]
[Result "1/2-1/2"]
[WhiteElo "2361"]
[BlackElo "2584"]
[PlyCount "71"]
[GameId "1166657282043904"]
[EventDate "2013.08.23"]
[EventType "swiss"]
[EventRounds "10"]
[EventCountry "ESP"]
[SourceTitle "CBM 156 Extra"]
[Source "ChessBase"]
[SourceDate "2013.10.22"]
[SourceVersion "1"]
[SourceVersionDate "2013.10.22"]
[SourceQuality "1"]

1. d4 Nf6 2. c4 e6 3. Nf3 b6 4. a3 Bb7 5. Nc3 d5 6. Bg5 Be7 7. Qa4+ Qd7 8. Qc2 O-O 9. e3 h6 10. Bh4 c5 11. dxc5 bxc5 12. O-O-O d4 13. exd4 Bxf3 14. gxf3 cxd4 15. Ne4 Nh5 16. Bxe7 Qxe7 17. Ng3 Nf6 18. Rxd4 Nc6 19. Rd1 Rfd8 20. Bd3 Rab8 21. Qc3 Qc5 22. Rhg1 Nd4 23. b4 Qg5+ 24. Kb1 a5 25. Nf5 axb4 26. axb4 Ne2 27. Ne7+ Kf8 28. Bxe2 Rxd1+ 29. Rxd1 Kxe7 30. Kc2 Qf5+ 31. Kb3 Nd7 32. Qd4 Rb7 33. Qd6+ Kf6 34. Qd4+ Ke7 35. Qd6+ Kf6 36. Qd4+ 1/2-1/2

[Event "Barcelona Sants op 15th"]
[Site "Barcelona"]
[Date "2013.08.26"]
[Round "4"]
[White "Hansen, Eric"]
[Black "Colon Garcia, Enrique"]
[Result "1/2-1/2"]
[WhiteElo "2584"]
[BlackElo "2380"]
[PlyCount "146"]
[GameId "1166657282146304"]
[EventDate "2013.08.23"]
[EventType "swiss"]
[EventRounds "10"]
[EventCountry "ESP"]
[SourceTitle "CBM 156 Extra"]
[Source "ChessBase"]
[SourceDate "2013.10.22"]
[SourceVersion "1"]
[SourceVersionDate "2013.10.22"]
[SourceQuality "1"]

1. e4 c5 2. Nf3 Nc6 3. Bb5 d6 4. O-O Bd7 5. Re1 Nf6 6. c3 a6 7. Bf1 Bg4 8. h3 Bxf3 9. Qxf3 g6 10. d3 Bg7 11. Be3 O-O 12. Qd1 b5 13. Nd2 Nd7 14. Nf3 b4 15. Qa4 Qc7 16. d4 Rfb8 17. Rac1 bxc3 18. bxc3 Na7 19. Rb1 Nb5 20. Rec1 Qc6 21. d5 Qc7 22. Rb3 Nb6 23. Qa5 Nxd5 24. Qxc7 Ndxc7 25. Rcb1 Re8 26. Bd2 Ne6 27. Bc4 Nbc7 28. Rb7 Rec8 29. Bd5 Nxd5 30. exd5 Nc7 31. c4 a5 32. R1b6 Kf8 33. Ng5 h6 34. Ne4 Ne8 35. g4 a4 36. Kf1 Rc7 37. Ke2 a3 38. Kd3 Rxb7 39. Rxb7 Ra4 40. Rb8 Ra6 41. Kc2 Ra7 42. Bf4 f5 43. gxf5 gxf5 44. Ng3 Bd4 45. Bxh6+ Kf7 46. f3 Nf6 47. Nxf5 Nd7 48. Rd8 Bf6 49. Bc1 Ne5 50. Ne3 Nxf3 51. Rb8 Ng1 52. Ng4 Nxh3 53. Rb3 Ng5 54. Rxa3 Rb7 55. Rb3 Ra7 56. a3 Ra4 57. Ne3 Nf3 58. Bb2 Nd4+ 59. Bxd4 cxd4 60. Nf5 Rxc4+ 61. Kd3 Ra4 62. Ke4 Rc4 63. Rd3 Ra4 64. Rb3 Rc4 65. Rd3 Ra4 66. Rb3 d3+ 67. Kxd3 Kg6 68. Ne3 Rd4+ 69. Ke2 Bg5 70. Rd3 Ra4 71. Nc2 Bf6 72. Nb4 Bb2 73. Nc6 Rxa3 1/2-1/2

[Event "Barcelona Sants op 15th"]
[Site "Barcelona"]
[Date "2013.08.27"]
[Round "5"]
[White "Erwich, Frank"]
[Black "Hansen, Eric"]
[Result "0-1"]
[WhiteElo "2337"]
[BlackElo "2584"]
[PlyCount "62"]
[GameId "1166657282191360"]
[EventDate "2013.08.23"]
[EventType "swiss"]
[EventRounds "10"]
[EventCountry "ESP"]
[SourceTitle "EXT 2014"]
[Source "ChessBase"]
[SourceDate "2013.11.20"]
[SourceVersion "1"]
[SourceVersionDate "2013.11.20"]
[SourceQuality "1"]

1. e4 c5 2. Nf3 e6 3. c4 Nc6 4. Be2 Nf6 5. Nc3 Qc7 6. d4 cxd4 7. Nxd4 a6 8. O-O Bb4 9. Bg5 Bxc3 10. Bxf6 gxf6 11. bxc3 d6 12. Qd2 Bd7 13. Qh6 Ke7 14. f4 Rag8 15. Qh4 Qa5 16. Rad1 Qxc3 17. Qf2 Nxd4 18. Rxd4 Qa5 19. Rfd1 Ba4 20. c5 Bxd1 21. cxd6+ Kd7 22. Rxd1 Rc8 23. Rb1 Kxd6 24. Rxb7 Rc7 25. e5+ fxe5 26. Rxc7 Kxc7 27. Qa7+ Kd6 28. fxe5+ Qxe5 29. Qxa6+ Ke7 30. Qb7+ Kf8 31. Bf1 Kg7 0-1

[Event "Barcelona Sants op 15th"]
[Site "Barcelona"]
[Date "2013.08.28"]
[Round "6"]
[White "Hansen, Eric"]
[Black "Lorenzo de la Riva, Lazaro"]
[Result "1-0"]
[WhiteElo "2584"]
[BlackElo "2449"]
[PlyCount "59"]
[GameId "1166657282297856"]
[EventDate "2013.08.23"]
[EventType "swiss"]
[EventRounds "10"]
[EventCountry "ESP"]
[SourceTitle "CBM 156 Extra"]
[Source "ChessBase"]
[SourceDate "2013.10.22"]
[SourceVersion "1"]
[SourceVersionDate "2013.10.22"]
[SourceQuality "1"]

1. e4 c5 2. Nf3 Nc6 3. Bb5 e6 4. O-O Nge7 5. Re1 Nd4 6. Nxd4 cxd4 7. c3 a6 8. Bf1 Nc6 9. Na3 Bc5 10. b4 Bb6 11. Nc4 d6 12. Nxb6 Qxb6 13. Bb2 e5 14. a4 O-O 15. b5 dxc3 16. Bxc3 axb5 17. axb5 Rxa1 18. Qxa1 Nd4 19. Ba5 Qa7 20. Bc7 Qxa1 21. Rxa1 Nb3 22. Ra2 Be6 23. Bxd6 Rd8 24. Bc7 Re8 25. f3 f5 26. exf5 Bd5 27. Kf2 e4 28. fxe4 Rxe4 29. Ra8+ Kf7 30. Rd8 1-0

[Event "Barcelona Sants op 15th"]
[Site "Barcelona"]
[Date "2013.08.29"]
[Round "7"]
[White "Cruz, Cristhian"]
[Black "Hansen, Eric"]
[Result "1/2-1/2"]
[WhiteElo "2498"]
[BlackElo "2584"]
[PlyCount "90"]
[GameId "1166657282363392"]
[EventDate "2013.08.23"]
[EventType "swiss"]
[EventRounds "10"]
[EventCountry "ESP"]
[SourceTitle "CBM 156 Extra"]
[Source "ChessBase"]
[SourceDate "2013.10.22"]
[SourceVersion "1"]
[SourceVersionDate "2013.10.22"]
[SourceQuality "1"]

1. d4 Nf6 2. c4 g6 3. g3 Bg7 4. Bg2 d5 5. cxd5 Nxd5 6. e4 Nb6 7. Ne2 c5 8. d5 e6 9. O-O O-O 10. Nec3 Na6 11. a4 exd5 12. exd5 Nc4 13. Nd2 Nxd2 14. Bxd2 Bf5 15. Be3 Qd7 16. Qd2 b6 17. Bg5 Nb4 18. d6 Rae8 19. Nd5 Nxd5 20. Bxd5 Be6 21. Bg2 h6 22. Bxh6 Bxh6 23. Qxh6 Qxd6 24. Rfe1 Bb3 25. h4 Bxa4 26. Rxe8 Rxe8 27. h5 Bc2 28. Qc1 Re2 29. Bf3 Rd2 30. Rxa7 Qd4 31. Qe1 Be4 32. hxg6 Bxg6 33. b3 b5 34. Kg2 Kg7 35. Re7 c4 36. bxc4 bxc4 37. Be4 Bh5 38. Bf3 Bxf3+ 39. Kxf3 Kf6 40. Re4 Rd3+ 41. Kg2 Qd5 42. f3 Rd2+ 43. Kh3 Qh5+ 44. Rh4 Qf5+ 45. Rg4 Qh5+ 1/2-1/2

[Event "Barcelona Sants op 15th"]
[Site "Barcelona"]
[Date "2013.08.30"]
[Round "8"]
[White "Hansen, Eric"]
[Black "Hillarp Persson, Tiger"]
[Result "0-1"]
[WhiteElo "2584"]
[BlackElo "2529"]
[PlyCount "176"]
[GameId "1166657282465792"]
[EventDate "2013.08.23"]
[EventType "swiss"]
[EventRounds "10"]
[EventCountry "ESP"]
[SourceTitle "CBM 156 Extra"]
[Source "ChessBase"]
[SourceDate "2013.10.22"]
[SourceVersion "1"]
[SourceVersionDate "2013.10.22"]
[SourceQuality "1"]

1. e4 g6 2. d4 Bg7 3. Nc3 d6 4. f4 Nf6 5. Nf3 O-O 6. Bd3 Nc6 7. e5 dxe5 8. fxe5 Nh5 9. Be3 Bg4 10. Be2 f6 11. d5 Nxe5 12. Nxe5 Bxe2 13. Qxe2 fxe5 14. O-O-O Qd7 15. Qc4 Kh8 16. g4 Nf6 17. h3 Ne8 18. Qe2 Nd6 19. h4 h6 20. Bf2 Rf4 21. Bg3 Rxg4 22. Bxe5 Rf8 23. Rde1 Bxe5 24. Qxe5+ Kg8 25. h5 g5 26. Rhf1 Rgf4 27. Rg1 Qf5 28. Qxe7 Re8 29. Qxc7 Rf2 30. Nd1 Rc8 31. Qxc8+ Nxc8 32. Nxf2 Qxf2 33. Rgf1 Qc5 34. Re6 Nd6 35. b3 Qd4 36. Kb1 Qxd5 37. Rxh6 Ne4 38. Rg6+ Kh7 39. Re1 Qe5 40. Rxe4 Qxe4 41. Rxg5 Kh6 42. Rb5 a6 43. Rc5 b6 44. Rc4 Qe1+ 45. Kb2 Qe5+ 46. Kb1 Kxh5 47. a4 b5 48. axb5 axb5 49. Rc8 Kg4 50. Rd8 Kf3 51. Rd3+ Ke2 52. Rd8 Qf5 53. Rd6 b4 54. Rh6 Qe5 55. Rh3 Qd6 56. Rh7 Kd2 57. Rh3 Ke2 58. Rh7 Qc6 59. Rh3 Qe4 60. Rh8 Qf5 61. Rh6 Qf1+ 62. Kb2 Qf4 63. Rh7 Qd6 64. Kb1 Qd1+ 65. Kb2 Qd4+ 66. Kb1 Qd6 67. Rh5 Qd1+ 68. Kb2 Qd4+ 69. Kb1 Qe4 70. Rh8 Qe7 71. Rh2+ Ke3 72. Rh3+ Ke4 73. Rh1 Qf6 74. Re1+ Kd4 75. Rd1+ Ke3 76. Rd3+ Ke2 77. Rd7 Qf5 78. Rd6 Qf1+ 79. Kb2 Qf4 80. Rd5 Qf7 81. Rd6 Qf8 82. Rd7 Qc8 83. Rh7 Qf5 84. Rh2+ Ke3 85. Kb1 Qg4 86. Rh1 Kd2 87. Rh2+ Kc3 88. Rh1 Qg2 0-1

[Event "Barcelona Sants op 15th"]
[Site "Barcelona"]
[Date "2013.08.31"]
[Round "9"]
[White "Cori Tello, Deysi Estella"]
[Black "Hansen, Eric"]
[Result "1/2-1/2"]
[WhiteElo "2434"]
[BlackElo "2584"]
[PlyCount "86"]
[GameId "1166657282510848"]
[EventDate "2013.08.23"]
[EventType "swiss"]
[EventRounds "10"]
[EventCountry "ESP"]
[SourceTitle "EXT 2014"]
[Source "ChessBase"]
[SourceDate "2013.11.20"]
[SourceVersion "1"]
[SourceVersionDate "2013.11.20"]
[SourceQuality "1"]

1. d4 Nf6 2. c4 e6 3. g3 c5 4. d5 exd5 5. cxd5 d6 6. Bg2 g6 7. Nc3 Bg7 8. Nf3 O-O 9. O-O Re8 10. Nd2 a6 11. a4 Nbd7 12. e4 Ne5 13. f4 Nd3 14. Nc4 Nxc1 15. Qxc1 Ng4 16. e5 dxe5 17. h3 exf4 18. hxg4 fxg3 19. g5 Bd4+ 20. Kh1 Re3 21. Rf6 Rxc3 22. bxc3 Bxf6 23. gxf6 Qxf6 24. Qh6 Bg4 25. Rf1 Qxc3 26. Qf4 Be2 27. Rc1 Qd4 28. Qxd4 cxd4 29. Bf1 Bf3+ 30. Bg2 Bg4 31. Ne5 Be2 32. d6 d3 33. d7 d2 34. Rc8+ Rxc8 35. dxc8=Q+ Kg7 36. Qd7 d1=Q+ 37. Qxd1 Bxd1 38. a5 Kf6 39. Nd3 Be2 40. Nc5 Ke5 41. Bxb7 f5 42. Kg2 f4 43. Nxa6 Bxa6 1/2-1/2

[Event "Oslo Vederhus Memorial op"]
[Site "Oslo"]
[Date "2013.09.29"]
[Round "6"]
[White "Andersen, Mads"]
[Black "Hansen, Eric"]
[Result "1/2-1/2"]
[WhiteElo "2479"]
[BlackElo "2584"]
[PlyCount "103"]
[GameId "1166657447653376"]
[EventDate "2013.09.29"]
[EventType "swiss"]
[EventRounds "9"]
[EventCountry "NOR"]
[SourceTitle "CBM 156 Extra"]
[Source "ChessBase"]
[SourceDate "2013.10.22"]
[SourceVersion "1"]
[SourceVersionDate "2013.10.22"]
[SourceQuality "1"]

1. d4 Nf6 2. c4 g6 3. Nc3 d5 4. cxd5 Nxd5 5. Bd2 Bg7 6. e4 Nb6 7. Be3 O-O 8. Bb5 Be6 9. Nf3 Nc4 10. Bxc4 Bxc4 11. Qa4 Be6 12. O-O c6 13. h3 Na6 14. Rfd1 Nc7 15. Rac1 Qd6 16. Ne2 Rfc8 17. Bf4 Qd8 18. Ng5 Bd7 19. Qb3 Be8 20. Qxb7 Rab8 21. Qxa7 Rxb2 22. Bxc7 Rxc7 23. Qa6 Qb8 24. Qc4 c5 25. Nf4 Bxd4 26. Nd3 Rbb7 27. e5 e6 28. Nf3 Bb5 29. Qc2 Qa7 30. Nxd4 cxd4 31. Qd2 Rxc1 32. Rxc1 Rc7 33. Rd1 Rd7 34. Qc2 Qa5 35. Nc5 Rc7 36. a4 Ba6 37. Nb3 Rxc2 38. Nxa5 d3 39. Nb3 Rc3 40. Nd2 Ra3 41. Ne4 Kg7 42. f3 Rxa4 43. Nc5 Ra3 44. Nxa6 Rxa6 45. Rxd3 Ra1+ 46. Kf2 Ra2+ 47. Kg3 g5 48. Re3 Kg6 49. Re4 Kf5 50. h4 h6 51. hxg5 hxg5 52. Kh3 1/2-1/2

[Event "Bundesliga 1314"]
[Site "Germany"]
[Date "2013.10.12"]
[Round "1.2"]
[White "Berkes, Ferenc"]
[Black "Hansen, Eric"]
[Result "1-0"]
[WhiteElo "2673"]
[BlackElo "2567"]
[PlyCount "97"]
[GameId "1166657497444352"]
[EventDate "2013.10.12"]
[EventType "team-tourn"]
[EventRounds "15"]
[EventCountry "GER"]
[SourceTitle "CBM 157"]
[Source "ChessBase"]
[SourceDate "2013.11.12"]
[SourceVersion "1"]
[SourceVersionDate "2013.11.12"]
[SourceQuality "1"]
[WhiteTeam "Eppingen"]
[BlackTeam "Wattenscheid"]
[WhiteTeamCountry "GER"]
[BlackTeamCountry "GER"]

1. d4 Nf6 2. c4 g6 3. Nc3 d5 4. Nf3 Bg7 5. cxd5 Nxd5 6. e4 Nxc3 7. bxc3 c5 8. Be3 Qa5 9. Nd2 O-O 10. Be2 b6 11. O-O Ba6 12. dxc5 Bxe2 13. Qxe2 bxc5 14. Rfc1 Nd7 15. f4 Qa4 16. e5 Rab8 17. Qc4 Qxc4 18. Nxc4 f6 19. e6 Nb6 20. Nxb6 axb6 21. f5 gxf5 22. Rcb1 f4 23. Bxf4 Ra8 24. a4 f5 25. Ra3 Ra6 26. Bc7 Rfa8 27. Rxb6 Rxa4 28. Rxa4 Rxa4 29. Rb8+ Bf8 30. Bd6 Kg7 31. Be5+ Kg8 32. Bd6 Kg7 33. Bxc5 Re4 34. Rb6 Kg6 35. Kf2 Kf6 36. Bd4+ Kg6 37. Bc5 Kf6 38. Bd4+ Kg6 39. Rb8 Bh6 40. Rg8+ Kh5 41. h3 f4 42. Kf3 Rxe6 43. c4 Re1 44. c5 e5 45. Re8 Bg7 46. Kf2 Re4 47. c6 Rxd4 48. c7 Rd2+ 49. Kf3 1-0

[Event "Bundesliga 1314"]
[Site "Germany"]
[Date "2013.10.13"]
[Round "2.2"]
[White "Hansen, Eric"]
[Black "Graf, Felix"]
[Result "0-1"]
[WhiteElo "2567"]
[BlackElo "2493"]
[PlyCount "114"]
[GameId "1166657497636864"]
[EventDate "2013.10.12"]
[EventType "team-tourn"]
[EventRounds "15"]
[EventCountry "GER"]
[SourceTitle "CBM 157"]
[Source "ChessBase"]
[SourceDate "2013.11.12"]
[SourceVersion "1"]
[SourceVersionDate "2013.11.12"]
[SourceQuality "1"]
[WhiteTeam "Wattenscheid"]
[BlackTeam "Bayern Muenchen"]
[WhiteTeamCountry "GER"]
[BlackTeamCountry "GER"]

1. e4 e6 2. d4 d5 3. Nd2 Nf6 4. e5 Nfd7 5. Bd3 c5 6. c3 b5 7. Bxb5 Qb6 8. Qa4 a6 9. Be2 cxd4 10. cxd4 Nc6 11. Ngf3 g5 12. h3 Rg8 13. g4 Be7 14. O-O h5 15. Rd1 hxg4 16. hxg4 Nf8 17. Nf1 Bd7 18. Qb3 Qa7 19. Be3 Ng6 20. Rac1 Nf4 21. Bxf4 gxf4 22. N1h2 f5 23. exf6 Bxf6 24. Qd3 Rg7 25. Kh1 Kd8 26. Qd2 Qb8 27. Rg1 Be7 28. Bd1 Bb4 29. Qe2 Qb5 30. a3 Bd6 31. Qd2 a5 32. Rc3 a4 33. g5 Ke7 34. Be2 Qb6 35. Ng4 Rb8 36. Rc2 Be8 37. Nh6 Bg6 38. Bd3 Be4 39. Bxe4 dxe4 40. d5 exf3 41. dxc6 Qb5 42. c7 Rh7 43. Qxd6+ Kxd6 44. cxb8=Q+ Qxb8 45. Rd1+ Ke7 46. Rdc1 Rxh6+ 47. gxh6 Qe8 48. Rc7+ Kf6 49. Rg7 Qh5+ 50. Kg1 Qxh6 51. Rg8 Qh7 52. Rf8+ Ke5 53. Rc5+ Kd6 54. Rg5 Qb1+ 55. Kh2 Qxb2 56. Rxf4 Qxf2+ 57. Kh3 Qf1+ 0-1

[Event "Bundesliga 1314"]
[Site "Germany"]
[Date "2013.12.14"]
[Round "5.2"]
[White "Naiditsch, Arkadij"]
[Black "Hansen, Eric"]
[Result "0-1"]
[WhiteElo "2724"]
[BlackElo "2567"]
[PlyCount "80"]
[GameId "1166657498378240"]
[EventDate "2013.10.12"]
[EventType "team-tourn"]
[EventRounds "15"]
[EventCountry "GER"]
[SourceTitle "CBM 158"]
[Source "ChessBase"]
[SourceDate "2014.01.16"]
[SourceVersion "1"]
[SourceVersionDate "2014.01.16"]
[SourceQuality "1"]
[WhiteTeam "Baden-Baden"]
[BlackTeam "Wattenscheid"]
[WhiteTeamCountry "GER"]
[BlackTeamCountry "GER"]

1. e4 c5 2. Nf3 e6 3. d4 cxd4 4. Nxd4 a6 5. Nc3 Qc7 6. Bd3 Nf6 7. O-O Bc5 8. Nb3 Be7 9. f4 d6 10. e5 dxe5 11. fxe5 Nfd7 12. Kh1 Nc6 13. Qg4 g6 14. Bh6 Ndxe5 15. Qg3 f5 16. Rae1 Bd6 17. Qh4 Be7 18. Qh3 Bd7 19. Bg7 Rg8 20. Bxe5 Nxe5 21. Qg3 Bd6 22. Bxf5 O-O-O 23. Be4 Rgf8 24. Qh4 h5 25. h3 Kb8 26. Nd2 Bc8 27. Rxf8 Rxf8 28. Rd1 Be7 29. Qg3 h4 30. Qe1 g5 31. Qe2 Rf4 32. Bf3 b5 33. Re1 Nxf3 34. Nxf3 g4 35. hxg4 h3 36. Nd5 hxg2+ 37. Kxg2 Rxg4+ 38. Kf1 Qg3 39. Qe5+ Bd6 40. Qxg3 Rxg3 0-1

[Event "Bundesliga 1314"]
[Site "Germany"]
[Date "2013.12.15"]
[Round "6.2"]
[White "Hansen, Eric"]
[Black "Lenic, Luka"]
[Result "1/2-1/2"]
[WhiteElo "2567"]
[BlackElo "2634"]
[PlyCount "96"]
[GameId "1166657498832896"]
[EventDate "2013.10.12"]
[EventType "team-tourn"]
[EventRounds "15"]
[EventCountry "GER"]
[SourceTitle "CBM 158"]
[Source "ChessBase"]
[SourceDate "2014.01.16"]
[SourceVersion "1"]
[SourceVersionDate "2014.01.16"]
[SourceQuality "1"]
[WhiteTeam "Wattenscheid"]
[BlackTeam "Hockenheim"]
[WhiteTeamCountry "GER"]
[BlackTeamCountry "GER"]

1. e4 e5 2. Nf3 Nc6 3. Bb5 Nf6 4. d3 Bc5 5. c3 O-O 6. O-O Re8 7. h3 a6 8. Ba4 b5 9. Bb3 Bb7 10. Re1 h6 11. Nbd2 Bb6 12. a4 Na5 13. Bc2 c5 14. Nf1 c4 15. axb5 axb5 16. Ng3 d5 17. Qe2 cxd3 18. Bxd3 Nc4 19. Rxa8 Qxa8 20. Bxc4 bxc4 21. Nd2 Re6 22. exd5 Bxd5 23. Qf1 Qa7 24. Qe2 Qa8 25. Qf1 Qa4 26. Qe2 Qc2 27. Ndf1 Qg6 28. Ne3 Ne4 29. Nxe4 Bxe4 30. Qg4 h5 31. Qxg6 Rxg6 32. Nxc4 Rxg2+ 33. Kh1 Rg4+ 34. Kh2 Rg2+ 35. Kh1 Rg4+ 36. Kh2 Bxf2 37. hxg4 Bxe1 38. gxh5 f6 39. Nd6 Bf3 40. h6 gxh6 41. Bxh6 Kh7 42. Be3 Kg6 43. Bc5 f5 44. Nc4 Kf6 45. Bd6 Be2 46. Nxe5 Ke6 47. Bb8 Kd5 48. Ng6 Kc4 1/2-1/2

[Event "Bundesliga 1314"]
[Site "Germany"]
[Date "2014.02.08"]
[Round "7.1"]
[White "Wojtaszek, Radoslaw"]
[Black "Hansen, Eric"]
[Result "1/2-1/2"]
[WhiteElo "2698"]
[BlackElo "2567"]
[PlyCount "60"]
[GameId "1166657499025408"]
[EventDate "2013.10.12"]
[EventType "team-tourn"]
[EventRounds "15"]
[EventCountry "GER"]
[SourceTitle "CBM 159"]
[Source "ChessBase"]
[SourceDate "2014.03.17"]
[SourceVersion "1"]
[SourceVersionDate "2014.03.17"]
[SourceQuality "1"]
[WhiteTeam "Hamburger SK"]
[BlackTeam "Wattenscheid"]
[WhiteTeamCountry "GER"]
[BlackTeamCountry "GER"]

1. Nf3 Nf6 2. c4 g6 3. Nc3 d5 4. cxd5 Nxd5 5. Qb3 Nb6 6. d4 Bg7 7. Bf4 O-O 8. e4 Bg4 9. Ne5 Bxe5 10. dxe5 Nc6 11. f3 Be6 12. Qa3 Qd4 13. Rd1 Qb4 14. Qxb4 Nxb4 15. a3 Nc6 16. Bb5 Rfd8 17. Bxc6 bxc6 18. Kf2 Bb3 19. Rxd8+ Rxd8 20. Be3 a5 21. Ne2 Nc4 22. Nd4 Ba4 23. b3 Nxe3 24. Kxe3 c5 25. Ne6 fxe6 26. bxa4 Rd4 27. Rc1 Rxa4 28. Rxc5 Rxa3+ 29. Kf4 Ra2 30. Kg3 Kf7 1/2-1/2

[Event "Bundesliga 1314"]
[Site "Germany"]
[Date "2014.03.15"]
[Round "11.1"]
[White "Mista, Aleksander"]
[Black "Hansen, Eric"]
[Result "1-0"]
[WhiteElo "2584"]
[BlackElo "2567"]
[PlyCount "111"]
[GameId "1166657499992064"]
[EventDate "2013.10.12"]
[EventType "team-tourn"]
[EventRounds "15"]
[EventCountry "GER"]
[SourceTitle "CBM 160"]
[Source "ChessBase"]
[SourceDate "2014.05.15"]
[SourceVersion "1"]
[SourceVersionDate "2014.05.15"]
[SourceQuality "1"]
[WhiteTeam "Berlin SF"]
[BlackTeam "Wattenscheid"]
[WhiteTeamCountry "GER"]
[BlackTeamCountry "GER"]

1. e4 c5 2. Nf3 e6 3. d4 cxd4 4. Nxd4 a6 5. Bd3 Bc5 6. Nb3 Be7 7. Qg4 g6 8. Qe2 d6 9. O-O Nd7 10. Nc3 Qc7 11. Bd2 b6 12. Rae1 Bb7 13. f4 Ngf6 14. e5 Nd5 15. Ne4 dxe5 16. fxe5 O-O 17. Nf2 h5 18. a3 b5 19. Bh6 b4 20. a4 N5b6 21. Bxf8 Bxf8 22. Ne4 Bg7 23. Nf6+ Bxf6 24. exf6 Nd5 25. Bxg6 Qb6+ 26. Kh1 fxg6 27. Na5 Nf8 28. Nxb7 Qxb7 29. f7+ Kh7 30. Qd3 Ne7 31. a5 Qd5 32. Qe4 Qxe4 33. Rxe4 Nd5 34. c4 bxc3 35. bxc3 Nxc3 36. Rc4 Nd5 37. Rc6 Kg7 38. g3 Ra7 39. Kg1 Ne7 40. Rb6 Nd5 41. Rc6 Ne7 42. Rb6 Nf5 43. Rfb1 Nd4 44. Kg2 Nf5 45. Kg1 Nd4 46. Kg2 Rc7 47. Rxa6 Rc2+ 48. Kf1 Nf3 49. Rb8 e5 50. Raa8 Rd2 51. Rb3 Nxh2+ 52. Ke1 Ra2 53. Rbb8 Nf3+ 54. Kd1 e4 55. Rxf8 Rxa5 56. Rfd8 1-0